| 000 | 00865nmm a2200265 a 4500 | ||
|---|---|---|---|
| 001 | ocm000924447 | ||
| 003 | TR-IsHL | ||
| 005 | 20201028145151.0 | ||
| 008 | 150110s2014 tu tur | ||
| 007 | cr cn | ||
| 020 | _a9786054611959 | ||
| 035 |
_a924447 _b(N$T) |
||
| 050 | 0 | 4 |
_aPL248.D487 _bŞ49 2014 |
| 090 | 0 | 4 |
_aPL248.D487 _bŞ49 2014 |
| 100 | 1 | _aDevrimci, Asyacan Nermin | |
| 245 | 1 | 0 |
_aŞeyh Bedreddin ve Börklüce Mustafa isyanı _h[electronic resource] / _cAsyacan Nermin Devrimci |
| 260 |
_aİstanbul : _bMola Kitap, _c2014 |
||
| 300 | _a250 p. | ||
| 650 | 4 | _aDil ve Edebiyat | |
| 650 | 4 | _aLanguage and Literature | |
| 650 | 0 | _aTürk romanı | |
| 650 | 0 | _aTurkish fiction | |
| 650 | 7 |
_aLITERARY COLLECTIONS / Middle Eastern _2bisacsh |
|
| 856 | 4 | 0 | _uhttp://search.ebscohost.com/login.aspx?direct=true&scope=site&db=e011xww&AN=924447 |
| 999 |
_c9814 _d9814 |
||